000 01229nam a22003617a 4500
003 CHAP
005 20220804103010.0
008 971010s1982 r 00010 d
010 _a63830
011 _a64802
035 _a70927
040 _cCHAP
090 _aTesis
100 0 0 _aClavel Baños, Jorge F.
_923713
245 1 _aEfecto del uso de un preiniciador en el destete de lechones a 25 días
260 _aChapingo, Méx. :
_bEl autor,
_c1982
300 _a49 h.
502 _aTesis (Ing. Agrónomo Esp. en Zootecnia) -- UACH. Departamento de Zootecnia
590 _aALEPH
_b10
_c20130110
_lUCH01
_h1347
590 _aBATCH-UPD
_b10
_c20130110
_lUCH01
_h0515
590 _aBATCH-UPD
_b10
_c20130110
_lUCH01
_h2352
590 _aBATCH-UPD
_b10
_c20130410
_lUCH01
_h0154
590 _aBATCH-UPD
_b10
_c20130410
_lUCH01
_h1639
590 _aBATCH-UPD
_b10
_c20130914
_lUCH01
_h0947
590 _aCONVERSION
_b10
_c20130109
_lUCH01
_h1334
650 1 4 _aLechones
_xDestete.
_965445
700 1 _aHernández Hernández, Marcelino
_954151
901 _aBK
942 _cFOLL
949 _bBC
_cTES
_d-141680
_eTS1
_i70927
_si
949 _bBC
_cTES
_d-141681
_eTS2
_fc.2
_i70927
_si
949 _bBC
_cTES
_d-141682
_eTS2
_fc.3
_h21625
_i70927
_si
999 _c63830
_d63830